00647nam a2200181 i 4500001000700000003000900007005001700016008004100033100003700074245007200111250001200183260005600195300002200251500007700273651003000350852003600380852004900416152477ES-MaACL20250603174235.0931025s1888 sp |||| | spa d1 aBotella, Cristóbal,d1867-192110aEl problema de la emigracion b: memoria / cpor Cristobal Botella. a2ª ed. aMadrid : b[s.n.], c1888 (fTip. de los Huerfanos) a256 p. ; c26 cm. 1aMemoria premiada por la Real Academia de Ciencias Morales y Políticas. 7aEspaña-xEmigración2 aES-MaACLjF-6717 z-- Enc. tela aES-MaACLj1641-F-11 z-- Rúst. deteriorada